|
|
|
|
| LEADER |
01422nam a2200349 a 4500 |
| 001 |
30297 |
| 003 |
BD-DhAAL |
| 005 |
20151207112614.0 |
| 008 |
151207r20151996enka b 001 0 eng |
| 010 |
|
|
|a 96014525
|
| 020 |
|
|
|a 0521560993 (hardback)
|
| 020 |
|
|
|a 0521567971 (pbk. )
|
| 020 |
|
|
|a 9780521567978
|
| 040 |
|
|
|a DLC
|c DLC
|d DLC
|d BD-DhAAL
|
| 050 |
0 |
0 |
|a JC153
|b .H65 1996c
|
| 082 |
0 |
0 |
|a 320.1
|2 20
|
| 100 |
1 |
|
|a Hobbes, Thomas,
|d 1588-1679.
|9 16670
|
| 245 |
1 |
0 |
|a Leviathan /
|c Thomas Hobbes ; edited by Richard Tuck.
|
| 250 |
|
|
|a Rev. student ed.
|
| 260 |
|
|
|a Cambridge ;
|a New York :
|b Cambridge University Press,
|c 1996 [19th printing 2015]
|
| 300 |
|
|
|a xciii, 519 p. :
|b ill. ;
|c 22 cm.
|
| 490 |
|
0 |
|a Cambridge texts in the history of political thought
|
| 504 |
|
|
|a Includes bibliographical references (p. lx-xcii) and index.
|
| 541 |
|
|
|e 30297
|
| 650 |
|
0 |
|a Political science
|x Early works to 1800.
|9 16671
|
| 650 |
|
0 |
|a State, The.
|9 16672
|
| 700 |
1 |
|
|a Tuck, Richard,
|d 1949-
|9 16673
|
| 856 |
4 |
2 |
|3 Publisher description
|u http://www.loc.gov/catdir/description/cam027/96014525.html
|
| 856 |
4 |
1 |
|3 Table of contents
|u http://www.loc.gov/catdir/toc/cam022/96014525.html
|
| 942 |
|
|
|2 ddc
|c BK
|
| 999 |
|
|
|c 36356
|d 36356
|
| 952 |
|
|
|0 0
|1 0
|2 ddc
|4 0
|6 320_100000000000000_HOB
|7 0
|9 57174
|a BRACUL
|b BRACUL
|c GEN
|d 2015-12-07
|e Karim International
|g 1385.00
|l 4
|m 31
|o 320.1 HOB
|p 3010030297
|r 2025-08-14
|s 2025-03-24
|t 1
|w 2015-12-07
|y BK
|